Kisah anak kembar / (Record no. 62050)

MARC details
000 -LEADER
fixed length control field 00775nam a2200265 i 4500
001 - CONTROL NUMBER
control field C2-0248340
003 - CONTROL NUMBER IDENTIFIER
control field PPAK
005 - DATE AND TIME OF LATEST TRANSACTION
control field 20210601101109.0
008 - FIXED-LENGTH DATA ELEMENTS--GENERAL INFORMATION
fixed length control field 030410s2003 my a j | 0 may d
020 ## - INTERNATIONAL STANDARD BOOK NUMBER
International Standard Book Number 9832472334
Qualifying information paperback
040 ## - CATALOGING SOURCE
Original cataloging agency PPAK
Language of cataloging eng
Transcribing agency PPAK
Description conventions rda
082 04 - DEWEY DECIMAL CLASSIFICATION NUMBER
Classification number 398.2
Edition number 23
090 00 - LOCALLY ASSIGNED LC-TYPE CALL NUMBER (OCLC); LOCAL CALL NUMBER (RLIN)
Classification number (OCLC) (R) ; Classification number, CALL (RLIN) (NR) 398.2
Feature heading SAL
Feature heading K
100 0# - MAIN ENTRY--PERSONAL NAME
Personal name Salmah Haji Alwi,
Relator term author.
245 10 - TITLE STATEMENT
Title Kisah anak kembar /
Statement of responsibility, etc. Salmah Haji Alwi
264 #1 - PRODUCTION, PUBLICATION, DISTRIBUTION, MANUFACTURE, AND COPYRIGHT NOTICE
Place of production, publication, distribution, manufacture Seri Kembangan, Selangor :
Name of producer, publisher, distributor, manufacturer Penerbitan PCT,
Date of production, publication, distribution, manufacture, or copyright notice 2003
300 ## - PHYSICAL DESCRIPTION
Extent 64 pages :
Other physical details illustrations ;
Dimensions 22 cm
336 ## - CONTENT TYPE
Source rdacontent
Content type term text
337 ## - MEDIA TYPE
Source rdamedia
Media type term unmediated
338 ## - CARRIER TYPE
Source rdacarrier
Carrier type term volume
490 1# - SERIES STATEMENT
Series statement Koleksi sastera terpilih
650 10 - SUBJECT ADDED ENTRY--TOPICAL TERM
Topical term or geographic name entry element Folk literature, Malay
830 #0 - SERIES ADDED ENTRY--UNIFORM TITLE
Uniform title Koleksi sastera terpilih
942 ## - ADDED ENTRY ELEMENTS (KOHA)
Koha item type Book
Source of classification or shelving scheme Dewey Decimal Classification
Holdings
Withdrawn Not for loan Current library Shelving location Date acquired Total Checkouts Full call number Barcode Date last seen Date last checked out Koha item type
    Perpustakaan Baling Pinjaman Kanak-kanak 10/04/2003 1 K 398.2 SAL A01025477 20/06/2026 06/06/2026 Book
    Perpustakaan Baling Pinjaman Kanak-kanak 10/04/2003   K 398.2 SAL A01025478 08/05/2018   Book
    Perpustakaan Kulim Pinjaman Kanak-kanak 28/11/2004   K 398.2 SAL A01072540 08/05/2018   Book